Family violence
| Beteiligte: | |
|---|---|
| Medienart: | Druck Buch |
| Sprache: | Englisch |
| Veröffentlicht: |
Chicago [u.a.]
Univ. of Chicago Press
1989
|
| In: |
Crime and justice (11)
Jahr: 1989 |
| Ausgabe: | 1. [print.] |
| Bestand in Tübingen: | In Tübingen vorhanden. IFK: A I 283-11 |
| Verfügbarkeit prüfen: | HBZ Gateway |
| Subito Bestelldienst: | Jetzt bestellen. |
| Schlagwörter: |
MARC
| LEADER | 00000cam a2200000 c 4500 | ||
|---|---|---|---|
| 001 | 273902067 | ||
| 003 | DE-627 | ||
| 005 | 20251222212539.0 | ||
| 007 | tu | ||
| 008 | 881219s1989 xxu||||| 00| ||eng c | ||
| 020 | |a 0226808076 |9 0-226-80807-6 | ||
| 020 | |a 0226808068 |9 0-226-80806-8 | ||
| 035 | |a (DE-627)273902067 | ||
| 035 | |a (DE-576)016857844 | ||
| 035 | |a (DE-599)GBV273902067 | ||
| 035 | |a (OCoLC)246137160 | ||
| 035 | |a (OCoLC)18106203 | ||
| 035 | |a (DE-604)8021791902 | ||
| 040 | |a DE-627 |b ger |c DE-627 |e rakwb | ||
| 041 | |a eng | ||
| 044 | |c XD-US | ||
| 082 | 0 | |a 362.8/2 | |
| 082 | 0 | |a 364.15550973 | |
| 084 | |a ML 1900 |2 rvk |0 (DE-625)rvk/123145: | ||
| 084 | |a PH 8000 |2 rvk |0 (DE-625)rvk/136482: | ||
| 084 | |a PH 8030 |2 rvk |0 (DE-625)rvk/136484: | ||
| 084 | |a PH 8300 |2 rvk |0 (DE-625)rvk/136497: | ||
| 245 | 0 | 0 | |a Family violence |c ed. by Lloyd Ohlin ... |
| 250 | |a 1. [print.] | ||
| 264 | 1 | |a Chicago [u.a.] |b Univ. of Chicago Press |c 1989 | |
| 300 | |a VIII, 595 S. |b graph. Darst. | ||
| 336 | |a Text |b txt |2 rdacontent | ||
| 337 | |a ohne Hilfsmittel zu benutzen |b n |2 rdamedia | ||
| 338 | |a Band |b nc |2 rdacarrier | ||
| 490 | 1 | |a Crime and justice |v 11 | |
| 655 | 7 | |a Aufsatzsammlung |0 (DE-588)4143413-4 |0 (DE-627)105605727 |0 (DE-576)209726091 |2 gnd-content | |
| 689 | 0 | 0 | |d g |0 (DE-588)4078704-7 |0 (DE-627)106076612 |0 (DE-576)209209682 |a USA |2 gnd |
| 689 | 0 | 1 | |d s |0 (DE-588)4723056-3 |0 (DE-627)365816949 |0 (DE-576)21575591X |a Häusliche Gewalt |2 gnd |
| 689 | 0 | 2 | |d s |0 (DE-588)4016397-0 |0 (DE-627)104427175 |0 (DE-576)208915818 |a Familie |2 gnd |
| 689 | 0 | |5 (DE-627) | |
| 689 | 1 | 0 | |d s |0 (DE-588)4723056-3 |0 (DE-627)365816949 |0 (DE-576)21575591X |a Häusliche Gewalt |2 gnd |
| 689 | 1 | 1 | |d s |0 (DE-588)4016397-0 |0 (DE-627)104427175 |0 (DE-576)208915818 |a Familie |2 gnd |
| 689 | 1 | |5 (DE-627) | |
| 700 | 1 | |a Ohlin, Lloyd E. |d 1918-2008 |e Hrsg. |0 (DE-588)172293650 |0 (DE-627)69720281X |0 (DE-576)162430523 |4 edt | |
| 787 | 0 | 8 | |i Rezensiert in |a Brown, Beverley |t Book reviews |d 1991 |w (DE-627)1884554970 |
| 830 | 0 | |a Crime and justice |v 11 |9 11 |w (DE-627)130441775 |w (DE-576)015955133 |w (DE-600)704347-8 |x 0192-3234 |7 am | |
| 889 | |w (DE-627)254845363 | ||
| 935 | |i mdedup | ||
| 935 | |i Blocktest | ||
| 936 | r | v | |a ML 1900 |b Russland, GUS (ehem. Sowjetunion) |k Politologie |k Die Außenpolitik einzelner Länder |k Außenpolitische Probleme in Europa und der westlichen Welt |k (Bundesrepublik) Deutschland |k Beziehungen zu einzelnen Staaten |k Russland, GUS (ehem. Sowjetunion) |0 (DE-627)1271495287 |0 (DE-625)rvk/123145: |0 (DE-576)201495287 |
| 936 | r | v | |a PH 8000 |b Schriftenreihen, Serien, Kongressberichte, Sammelwerke |k Rechtswissenschaft |k Strafrecht, Strafverfahrensrecht, Kriminologie |k Kriminologie |k Allgemeines |k Schriftenreihen, Serien, Kongressberichte, Sammelwerke |0 (DE-627)127212715X |0 (DE-625)rvk/136482: |0 (DE-576)20212715X |
| 936 | r | v | |a PH 8030 |b Handbücher, Lehrbücher, Gesamtdarstellungen etc. zur gesamten Kriminologie und deren Einzelgebieten |k Rechtswissenschaft |k Strafrecht, Strafverfahrensrecht, Kriminologie |k Kriminologie |k Allgemeines |k Handbücher, Lehrbücher, Gesamtdarstellungen etc. zur gesamten Kriminologie und deren Einzelgebieten |0 (DE-627)1271948230 |0 (DE-625)rvk/136484: |0 (DE-576)201948230 |
| 936 | r | v | |a PH 8300 |b Kriminalbiologie; Kriminalanthropologie; Kriminalethologie; Kriminalpsychologie; Kriminalsoziologie, Abweichendes Verhalten/Soziologie; Labeling approach; Radikale Kriminologie, Kritische Kriminologie |k Rechtswissenschaft |k Strafrecht, Strafverfahrensrecht, Kriminologie |k Kriminologie |k Kriminalitätstheorien |k Kriminalbiologie; Kriminalanthropologie; Kriminalethologie; Kriminalpsychologie; Kriminalsoziologie, Abweichendes Verhalten/Soziologie; Labeling approach; Radikale Kriminologie, Kritische Kriminologie |0 (DE-627)1271739763 |0 (DE-625)rvk/136497: |0 (DE-576)201739763 |
| 951 | |a BO | ||
| ELC | |b 1 | ||
| LOK | |0 000 xxxxxcx a22 zn 4500 | ||
| LOK | |0 001 3311073932 | ||
| LOK | |0 003 DE-627 | ||
| LOK | |0 004 273902067 | ||
| LOK | |0 005 20251015083952 | ||
| LOK | |0 008 920917||||||||||||||||ger||||||| | ||
| LOK | |0 040 |a DE-21-110 |c DE-627 |d DE-21-110 | ||
| LOK | |0 689 |a s |a Häusliche Gewalt | ||
| LOK | |0 689 |a s |a Straftaten | ||
| LOK | |0 689 |a s |a Ehe | ||
| LOK | |0 689 |a s |a Familie | ||
| LOK | |0 689 |a s |a Personenstand | ||
| LOK | |0 689 |a s |a Kindesmissbrauch | ||
| LOK | |0 852 |a DE-21-110 | ||
| LOK | |0 852 1 |c A I 283-11 |m p |9 00 | ||
| LOK | |0 935 |a k110 | ||
| LOK | |0 936ln |a 1.4 | ||
| LOK | |0 938 |k p | ||
| LOK | |0 939 |a 17-09-92 |b l01 | ||
| ORI | |a SA-MARC-krimdoka001.raw | ||
| SIG | |a IFK: A I 283-11 | ||
